Paroles - Spécial de Laylow ft Nekfeu et Foushée - Statistiques

Statistiques générales
  • Ce quiz a été pris 733 fois
  • Le résultat moyen est 242 sur 442
Statistiques - réponses
Hint Réponse % Correct
spe
99%
spé
99%
Refrain ( Laylow ) Spécial
98%
spécial
98%
special
98%
Couplet 2 ( Nekfeu ) Special
98%
a
92%
à
92%
de
90%
Y
89%
y
89%
dans
88%
le
86%
mon
86%
qui
85%
te
82%
I
81%
la
81%
pour
81%
Pour
81%
que
79%
Que
79%
rien
79%
en
78%
est
78%
Mais
76%
mais
76%
Se
76%
se
76%
t'es
75%
Tes
75%
un
75%
Un
75%
comme
74%
il
73%
celui
72%
tout
71%
c'monde
69%
des
69%
Des
69%
va
69%
les
67%
niveau
66%
par
66%
tu
66%
Tu
66%
d'normal
64%
du
64%
faire
64%
j'abaisse
64%
ne
63%
même
62%
Même
62%
très
62%
vie
61%
pas
60%
peu
60%
bocal
59%
au
58%
c'est
58%
ils
58%
ta
56%
Ti
56%
tous
56%
vaut
56%
parce
55%
personne
55%
Selon
55%
et
54%
l'environnement
54%
Nique
54%
toi
54%
veulent
54%
vivre
54%
dur
53%
quand
53%
Quand
53%
calme
52%
guerre
52%
jamais
52%
vite
52%
goldfish
51%
sûr
51%
sur
51%
moi
50%
vraie
50%
autres
49%
peut
49%
flow
48%
j'ai
48%
Monde
48%
seul
48%
Envie
47%
veux
47%
Négro
46%
négro
46%
Amo
45%
différent
45%
famille
45%
mère
45%
changer
44%
faut
44%
Know
44%
know
44%
mieux
44%
si
44%
t'en
44%
d'romance
43%
Feu
43%
feu
43%
sais
43%
tuer
43%
Bien
42%
bien
42%
blocages
42%
mode
42%
monnaie
41%
qu'ça
41%
vaux
41%
chances
40%
Donc
40%
fois
40%
intrépide
40%
mettre
40%
l'time
39%
niquer
39%
petits
39%
space
39%
.38
38%
PLK
38%
plus
38%
Viano
38%
détails
37%
mentalement
37%
rétrécissent
37%
toujours
37%
l'fais
36%
t'as
36%
bails
35%
prennent
35%
quoi
35%
ans
34%
capable
33%
dix
33%
rec
33%
savent
33%
star
33%
l'mort
32%
l'occas
32%
On
32%
plan
32%
?
31%
like
31%
local
31%
méfiant
31%
mouv'
31%
Diplo
30%
Flingue
30%
feat
29%
l'monde
29%
oh
29%
qu'tes
29%
tellement
29%
ah
28%
Ah
28%
battre
28%
cash
28%
frère
28%
là-c'ui
28%
décevoir
27%
Perdre
27%
perdre
27%
chiens
26%
coin
26%
d'vant
26%
Premier
26%
veut
26%
mouillés
25%
nos
25%
qu'ils
25%
chamailler
24%
deviendront
24%
pleut
24%
aide
23%
Ceux
23%
l'avocat
23%
bats
22%
bons
22%
diplomes
22%
langue
22%
vieux
22%
Vision
22%
avec
21%
hélico
21%
sèchera
20%
sous
20%
longue
19%
moquette
19%
c'était
18%
Shining
18%
claquage
17%
l'envie
17%
l'été
17%
seuls
17%
focale
16%
mensonges
16%
m'ont
16%
ouvert
16%
plaquage
16%
you
16%
comprendre
15%
j'laisse
15%
l'bât
15%
vrais
15%
f'nêtre
14%
j'passais
14%
prêté
14%
Everybody
13%
hey
13%
leurs
13%
lis
13%
tits-pe
11%
Was
11%
was
11%
yeah
11%
Blog
10%
l'avenir
10%
plans
10%
Bondy
9%
d'rester
9%
maudits
9%
got
8%
if
8%
the
8%
l'dissuader
7%
sabbatt
6%
Couplet 1 ( Laylow ) Woah
6%
only
5%
T'inquiète
4%
uh
3%
Aucun quiz correspondant
Distribution des résultats
% des personnes avec chaque résultat
Percentile par nombre de réponses
Votre historique - résultats
Vous n’avez pas pris ce quiz